000 01080nam2a22002771 4500
001 RU\NLR\INFOCOMM\1000035808
005 20250806205927.0
035 _a(NLR Aleph) 002764615
090 _a56265
_c56265
100 _a20040202d1944 u y0rusy50 ca
101 0 _arus
102 _aRU
105 _ay |||||||||
200 1 _aГрафический метод расчета дополнительных сопротивлений и напряжений вызывных батарей в цепях избирательной связи
_fРогинский, В.Н.
210 _d1944
461 0 _1001RU\NLR\INFOCOMM\1000035770
_12001#$aИнформационное письмо$fВсесоюз. науч.-ислед. ин-т ж.-д. транспорта$v14(50)
700 1 _aРогинский
_bВ.Н.
_4070
801 1 _aRU
_bInfoComm
_c20040202
801 0 _aRU
_bNLR
_gPSBO
852 _aNLR
_jП10/646
942 _cISSUE
945 _aРоссийская национальная библиотека
980 _aNB
980 _aBV
980 _aRUSPER